Sociologicko-politologické aspekty Októbrovej revolúcie 1917 v Rusku a jej dôsledky na vývoj medzinárodných vzťahov
K ruskej teoretickej najmä sociologickej diskusii o Októbrovej revolúcii v roku 1917. Historicko-sociologický kontext Októbrovej revolúcie a boja o moc vo vnútorných podmienkach Ruska. Októbrová revolúcia 1917 v kontinuite a diskontinuite vývoja medzinárodných politických vzťahov.
Enregistré dans:
| Auteur principal: | |
|---|---|
| Format: | Chapitre de livre |
| Langue: | slovaque |
| Sujets: | |
| Tags: |
Pas de tags, Soyez le premier à ajouter un tag!
|
MARC
| LEADER | 00000naa$a2200000$$$4500 | ||
|---|---|---|---|
| 001 | 0254369 | ||
| 005 | 20240502074050.7 | ||
| 041 | 0 | |a slo | |
| 044 | |a SK | ||
| 245 | 1 | 0 | |a Sociologicko-politologické aspekty Októbrovej revolúcie 1917 v Rusku a jej dôsledky na vývoj medzinárodných vzťahov |c František Škvrnda |
| 520 | |a K ruskej teoretickej najmä sociologickej diskusii o Októbrovej revolúcii v roku 1917. Historicko-sociologický kontext Októbrovej revolúcie a boja o moc vo vnútorných podmienkach Ruska. Októbrová revolúcia 1917 v kontinuite a diskontinuite vývoja medzinárodných politických vzťahov. | ||
| 610 | 2 | 0 | |a Rusko |
| 610 | 2 | 0 | |a vzťahy medzinárodné |
| 610 | 2 | 0 | |a revolúcia |
| 100 | 1 | |a Škvrnda, František | |